Currencies Used In Multiple Countries - Statistics

General Stats
  • This quiz has been taken 65 times
    43 since last reset
  • The average score is 11 of 19
Answer Stats
# of Countries Currency % Correct
29 Dollar
100%
24 Euro
100%
8 Peso
93%
6 Pound
90%
21 Franc
76%
2 Ruble
76%
6 Rupee
76%
8 Dinar
61%
2 Krone
61%
2 Won
59%
3 Rial
54%
2 Krona
49%
4 Shilling
49%
2 Leu
29%
2 Riyal
29%
2 Dirham
27%
2 Som
12%
2 Manat
10%
2 Kwacha
7%
No matching quizzes found
Score Distribution
Percent of People with Each Score
Percentile by Number Answered
Your Score History
You have not taken this quiz since the last reset